Granada y sus monumentos árabes / (Record no. 160964)

MARC details
000 -LEADER
campo de control de longitud fija 00872nam a2200229 i 4500
001 - NÚMERO DE CONTROL
campo de control 160964
003 - IDENTIFICADOR DE NÚMERO DE CONTROL
campo de control ES-MaACL
005 - FECHA Y HORA DE LA ÚLTIMA TRANSACCIÓN
campo de control 20230906212150.0
008 - DATOS DE LONGITUD FIJA--INFORMACIÓN GENERAL
campo de control de longitud fija 960314s1875 sp a |||| | spa d
040 ## - FUENTE DE CATALOGACIÓN
Centro catalogador/agencia de origen CLM
Lengua de catalogación spa
Centro/agencia transcriptor CLM
080 ## - NÚMERO DE LA CLASIFICACIÓN DECIMAL UNIVERSAL
Número de la Clasificación Decimal Universal 7.033.3(460.357 G.)
100 1# - ENTRADA PRINCIPAL--NOMBRE DE PERSONA
Nombre de persona Oliver y Hurtado, José.
9 (RLIN) 130628
245 10 - MENCIÓN DEL TÍTULO
Título Granada y sus monumentos árabes /
Mención de responsabilidad, etc. por D. José y D. Manuel Oliver Hurtado.
260 ## - PUBLICACIÓN, DISTRIBUCIÓN, ETC.
Lugar de publicación, distribución, etc. Málaga :
Nombre del editor, distribuidor, etc. [s.n.],
Fecha de publicación, distribución, etc. 1875 (
Fabricante Imprenta de M. Oliver Navarro)
300 ## - DESCRIPCIÓN FÍSICA
Extensión [8], XXXVIII, [2], 623 p., [3] h. de mapas pleg. ;
Dimensiones 22 cm.
505 8# - NOTA DE CONTENIDO CON FORMATO
Nota de contenido con formato Apéndices, p. 395-613
597 ## - NOTA DE DESCRIPCIÓN FÍSICA
NOTA DE DESCRIPCIÓN FÍSICA Antep.
599 #1 - NOTA A LAS ILUSTRACIONES
NOTA A LAS ILUSTRACIONES Las h. de mapas pleg.: "Propiedad de los Sres D. José y Manuel Oliver" "J. Bustamante dibº. y grabó"
650 #4 - PUNTO DE ACCESO ADICIONAL DE MATERIA--TÉRMINO DE MATERIA
Término de materia o nombre geográfico como elemento de entrada Arte musulmán-
Subdivisión geográfica Granada.
9 (RLIN) 151208
700 1# - ENTRADA AGREGADA--NOMBRE PERSONAL
Nombre de persona Oliver y Hurtado, José.
9 (RLIN) 130628
852 ## - LOCALIZACIÓN
Ubicación ES-MaACL
Número de control de estantería B-2337
Nota libre -- Enc. hol.
Holdings
Estatus retirado Estado de pérdida Estado de daño No para préstamo Colección Biblioteca de origen Biblioteca actual Ubicación en estantería Fecha de adquisición Fuente de adquisición Total de préstamos Signatura topográfica completa Código de barras Visto por última vez Precio de reemplazo Tipo de ítem Koha
        Libros del s. XIX Biblioteca del Ateneo de Madrid Biblioteca del Ateneo de Madrid Sala Pardo Bazán 17/01/2008     B-2337 1168575 23/02/2023 23/02/2023 Libro impreso antiguo